000 01626 a2200289 4500
001 137
005 20260407155413.0
008 260407a2000 arg spa d
003 AR-UNSa-BCEJYS
040 _aAR-UNSa-BCEJYS
_bspa
_cAR-UNSa-BCEJYS
080 _a658.3
_xPersonal. Relaciones humanas en la empresa (Recursos Humanos)
245 1 0 _aAdministración de personal y recursos humanos
020 _a978-970-10-2892-6
250 _a5a. ed
264 1 _aMéxico :
_bMcGraw-Hill
_c2000
300 _a582 p.
_c25 cm
505 _a1. Elementos esenciales de los recursos humanos - 2. Desafíos del entorno - 3. Desafíos internacionales - 4. Análisis y diseño de puestos - 5. Planeación de los recursos humanos - 6. Reclutamiento - 7. Selección de personal - 8. Orientación, ubicación y separación - 9. Capacitación y desarrollo - 10. Planeación de la carrera profesional - 11. Evaluación de desempeño - 12.Sueldos y salarios - 13. Incentivos y participación de las utilidades - 14. Prestaciones y servicios al personal - 15. Aspectos de seguridad y salud - 16. Desafíos de la relación con el personal - 17. Relaciones de la empresa con el sindicato - 18. Evaluación y perspectivas a futuro
041 _aspa
942 _cBK
590 _aniveau_biblio:m niveau_hierar:0
100 1 _aWerther, William B.
700 1 _aDavis, Keith
700 1 _aMejía Gomez, Joaquín
700 1 _aSánchez Bedolla, Graciela
700 1 _aHuerta Sobrino, Maria Cristina
856 4 1 _uhttps://biblioeco.unsa.edu.ar/pmb/images/libros/Administracion de Personal y Recursos Humanos.jpg
_yImagen de portada
_qimage/jpeg
999 _c106
_d106